TBMM gizli celse zabıtları. (Record no. 16834)
| 000 -BAŞLIK | |
|---|---|
| Sabit Uzunluktaki Kontrol Alanı | 01221nam a22003257a 4500 |
| 001 - KONTROL NUMARASI | |
| Control Dosyası | 0016876 |
| 003 - KONTROL NUMARASI KİMLİĞİ | |
| Kontrol Alanı | KOHA_MİRAKIL |
| 005 - EN SON İŞLEM TARİHİ ve ZAMANI | |
| Kontrol Alanı | 20260207002119.0 |
| 007 - FİZİKSEL TANIM SABİT ALAN - GENEL BİLGİ | |
| Sabit uzunluklu kontrol alanı | ta |
| 008 - SABİT UZUNLUKTAKİ VERİ ÖGELERİ - GENEL BİLGİ | |
| Sabit Alan | 100503b1985 tu |||gr||||#||||0|tur | |
| 040 ## - KATALOGLAMA KAYNAĞI | |
| Özgün Kataloglama Kurumu | TR-BiSEU |
| Kataloglama Dili | tur |
| Çeviri Kurumu | TR-BiSEU |
| Açıklama Kuralları | rda |
| 041 0# - DİL KODU | |
| Metin ya da ses kaydının dil kodu | tur |
| 044 ## - YAYINLAYAN/ÜRETEN KURULUŞUN ÜLKE KODU | |
| ISO country code | tu |
| 050 ## - SINIFLAMA ve YER NUMARASI | |
| Sınıflama Numarası | J691.H2 |
| Yer Numarası | T87 1985 |
| 245 0# - ESER ADI BİLDİRİMİ | |
| Başlık | TBMM gizli celse zabıtları. |
| 264 #1 - ÜRERİM, YAYIN, DAĞITIM ve TELİF BİLDİRİMİ | |
| Yayın yeri | Ankara : |
| Yayınlayan | Türkiye İş Bankası Kültür Yayınları |
| Yayın tarihi | 1985 |
| 300 ## - FİZİKSEL TANIMLAMA | |
| Sayfa, Cilt vb. | Ciltli; 27 cm. |
| 336 ## - İÇERİK TÜRÜ | |
| Content type term | metin |
| Content type code | txt |
| Source | rdacontent |
| 337 ## - MEDYA TÜRÜ | |
| Media type term | aracısız |
| Media type code | n |
| Source | rdamedia |
| 338 ## - TAŞIYICI TÜRÜ | |
| Carrier type term | cilt |
| Carrier type code | nc |
| Source | rdacarrier |
| 490 1# - DİZİ BİLDİRİMİ | |
| Dizi Bildirimi | Türkiye İş Bankası kültür yayınları ; |
| Cilt Numarası | genel yayın no: 267. |
| 490 1# - DİZİ BİLDİRİMİ | |
| Dizi Bildirimi | Tarih dizisi ; |
| Cilt Numarası | 18 |
| 500 ## - GENEL NOT | |
| Genel Not | 1.c.: 24 Nisan 1336 (1920)-21 Şubat 1336 (1921)--2.c.: 17 Mart 1337 (1921)-25 Şubat 1337 (1922)--3.c.: 6 Mart 1338 (1922)-27 Şubat 1338 (1923)--IV.c.: 2 Mart 1339 (1923)-25 Teşrinievvel 1934. |
| 650 #0 - KONU BAŞLIĞI EK GİRİŞ - KONU TERİMİ | |
| Konusal terim veya coğrafi ad | Government paperwork. |
| 9 (RLIN) | 39089 |
| 650 #0 - KONU BAŞLIĞI EK GİRİŞ - KONU TERİMİ | |
| Konusal terim veya coğrafi ad | Türkiye Büyük Millet Meclisi. |
| 9 (RLIN) | 39090 |
| 650 #0 - KONU BAŞLIĞI EK GİRİŞ - KONU TERİMİ | |
| Konusal terim veya coğrafi ad | Devlet tutanakları. |
| 9 (RLIN) | 39091 |
| 830 1# - SERİ EK GİRİŞİ - TEKBİÇİM ESER ADI | |
| Tekbiçim Başlık | Türkiye İş Bankası kültür yayınları ; |
| Volume number/sequential designation | genel yayın no: 267. |
| 9 (RLIN) | 9046 |
| 830 1# - SERİ EK GİRİŞİ - TEKBİÇİM ESER ADI | |
| Tekbiçim Başlık | Tarih dizisi ; |
| Volume number/sequential designation | 18 |
| 9 (RLIN) | 7565 |
| 942 ## - EK GİRİŞ ÖGELERİ (KOHA) | |
| Source of classification or shelving scheme | Library of Congress Classification |
| Koha item type | Book |
| Materyal Türü | Kalıcı Konum | Mevcut Konum | Raf Yeri | Sınıflandırma Kaynağı | Edinim Bilgisi | Ana Konular | Alt Konular | Yer Numarası | Cilt Bilgisi | Demirbaş Numarası | Fatura Tarihi | Maliyet, Alış Fiyatı | Maliyet, Yenileme Fiyatı | Geri Çekilme Durumu | Kayıp Durumu | Hasarlı Durumu | Kredi için değil | Kayıt Tarih | Toplam Ödünçverme | Son Görülme Tarihi | Son Kontrol Tarihi | Genel / Bağış Notu |
|---|---|---|---|---|---|---|---|---|---|---|---|---|---|---|---|---|---|---|---|---|---|---|
| Book | Prof. Dr. Azmi Özcan Kütüphanesi | Prof. Dr. Azmi Özcan Kütüphanesi | Uluğbey Salonu | Library of Congress Classification | Bağış | SİYASET BİLİMİ | Genel Yasama ve Yürütme Belgeleri | J691.H2 T87 1985 | c.2 | 0016876 | 13/08/2010 | 4.00 | 4.00 | 03/05/2010 | 05/12/2024 | 05/12/2024 | İSAM | |||||
| Book | Prof. Dr. Azmi Özcan Kütüphanesi | Prof. Dr. Azmi Özcan Kütüphanesi | Uluğbey Salonu | Library of Congress Classification | Bağış | SİYASET BİLİMİ | Genel Yasama ve Yürütme Belgeleri | J691.H2 T87 1985 | c.3 | 0069110 | 02/02/2026 | 26/07/2023 | 17/03/2025 | 17/03/2025 | Genel Bağış | |||||||
| Book | Prof. Dr. Azmi Özcan Kütüphanesi | Prof. Dr. Azmi Özcan Kütüphanesi | Uluğbey Salonu | Library of Congress Classification | Bağış | SİYASET BİLİMİ | Genel Yasama ve Yürütme Belgeleri | J691.H2 T87 1985 | c.4 | 0069112 | 02/02/2026 | 26/07/2023 | 17/03/2025 | 17/03/2025 | Genel Bağış |
